Statistics for The Lost World : Jurassic Park Dinosaurs (Hard Version)

Click here to take the quiz!

General Stats

  • This quiz has been taken 40 times
  • The average score is 8 of 10

Answer Stats

Answer% Correct
Tyrannosaurus rex
100%
Velociraptor
93%
Triceratops
89%
Stegosaurus
86%
Parasaurolophus
82%
Pteranodon
75%
Pachycephalosaurus
71%
Compsognathus
68%
Mamenchisaurus
61%
Gallimimus
54%

Score Distribution

Percentile by Number Answered

Percent of People with Each Score

Your Score History

You have not taken this quiz